Formula 1: Most Starts without Podium - Statistics

General Stats
  • This quiz has been taken 17 times
  • The average score is 9 of 20
Answer Stats
Starts Answer Nationality Active years % Correct
62 Antonio Giovinazzi Italy 2017, 2019-2021
85%
68 Zhou Guanyu China 2022-2024
85%
128 Adrian Sutil Germany 2007-2011, 2013-2014
77%
61 Nicholas Latifi Canada 2020-2022
77%
59 Esteban Gutiérrez Mexico 2013-2014, 2016
69%
97 Marcus Ericsson Sweden 2014-2018
69%
74 Satoru Nakajima Japan 1987-1991
62%
58 Jean-Éric Vergne France 2012-2014
54%
59 Paul di Resta United Kingdom 2011-2013, 2017
54%
83 Jonathan Palmer United Kingdom 1983-1989
38%
98 Pedro Diniz Brazil 1995-2000
38%
90 Ukyo Katayama Japan 1992-1997
38%
80 Vitantonio Liuzzi Italy 2005-2007, 2009-2011
31%
81 Marc Surer Switzerland 1979-1986
23%
109 Philippe Alliot France 1984-1990, 1993-1994
23%
118 Pierluigi Martini Italy 1984-1985, 1988-1995
23%
59 Érik Comas France 1991-1994
15%
76 Piercarlo Ghinzani Italy 1981, 1983-1989
15%
56 Alex Caffi Italy 1986-1991
8%
57 Arturo Merzario Italy 1972-1979
8%
No matching quizzes found
Score Distribution
Percent of People with Each Score
Percentile by Number Answered
Your Score History
You have not taken this quiz